Name That Fish Quiz Stats

 Plays Quiz Updated Oct 15, 2015

Also try: Name That Alien
Challenge
Share
Tweet
Score 0/15 Timer 05:00
5 Plays Today
% Correct
Dory
94.1%
Nemo
79.9%
Flounder
74.8%
Mrs. Puff
52.4%
Rainbow Fish
45.3%
Magikarp
40.8%
Flotsam & Jetsam
30.4%
Klaus Heissler
23.3%
% Correct
Freddi Fish & Luther
20.5%
Ponyo
20.4%
Blinky
18.5%
Oscar
16.1%
Cleo
16.1%
Jabberjaw
13.7%
Mr. Limpet (and Crabby)
10.6%

You're not logged in!

Compare scores with friends on all Sporcle quizzes.
Join for Free
OR
Log In

You Might Also Like...

Show Comments

Extras

Top Quizzes Today


Score Distribution

Your Account Isn't Verified!

In order to create a playlist on Sporcle, you need to verify the email address you used during registration. Go to your Sporcle Settings to finish the process.

Report this User

Report this user for behavior that violates our Community Guidelines.

Details: